000 00416nam a2200181Ia 4500
008 210210b1966 xxu||||| |||| 00| 0 eng d
041 _aeng
082 _a539/58
100 _aJENNISON (Roger C)
245 _aIntroduction to radio astronomy
260 _aLondon
_bNewnes
_c1966
300 _a160
650 _aradio
650 _aIntroduction
650 _aastronomy
690 _aPhysics
906 _a009074
999 _c127823
_d127823